00480nam a2200181Ia 4500008004100000020001800041050001600059100001600075245002800091245003500119245005800154260001500212260001600227260000900243300001600252300002000268300001000288170918s9999 xx 000 0 und d a9789810787875 bA581hi 2014 aAnd, Su-Lin aHidden in plain sight : bthe story of a treasure hunt / cby Su-Lin Ang ; illustrated by Komeil Yousefi Zairin. aNew York : bScholastic, c2014 a198 pages : billustrations : c19cm.